Normal view
MARC view
- Boyd
Entry Personal Name
001 - CONTROL NUMBER
- control field: 127466
003 - CONTROL NUMBER IDENTIFIER
- control field: NUST
005 - DATE AND TIME OF LATEST TRANSACTION
- control field: 20250110101422.0
008 - FIXED-LENGTH DATA ELEMENTS
- fixed length control field: 250110|| aca||aabn | a|a d
040 ## - CATALOGING SOURCE
- Original cataloging agency: NUST
- Transcribing agency: NUST
100 ## - HEADING--PERSONAL NAME
- Personal name: Boyd
670 ## - SOURCE DATA FOUND
- Source citation: Work cat.: (NUST): Boyd, Marketing management , 1995.
